Catalog

Record Details

Catalog Search



In whose ruins : power, possession, and the ... Read More

Available copies

  • 1 of 1 copy available at LARL/NWRL Consortium.
  • 1 of 1 copy available at Lake Agassiz Regional Library. (Show preferred library)

Current holds

0 current holds with 1 total copy.

Show Only Available Copies
Location Call Number / Copy Notes Barcode Shelving Location Status Due Date
Moorhead Public Library 973 PUG (Text) 33500013589890 Main Available -

Record details

  • ISBN: 9781982116750
  • ISBN: 1982116757
  • ISBN: 9781982116767
  • ISBN: 1982116765
  • Physical Description: viii, 354 pages : illustrations ; 22 cm
  • Edition: First Scribner hardcover edition.
  • Publisher: New York : Scribner, 2022.

Content descriptions

Bibliography, etc. Note:
Includes bibliographical references (pages ... Read More
Summary, etc.:
"In this examination of landscape and memory, four ... Read More
Subject: United States > Historiography.
Historic sites > United States.
Memory > Social aspects > United States.
Myth > Social aspects > United States.
National characteristics, American.
HISTORY / North America
SOCIAL SCIENCE / Anthropology / Cultural & Social
LDR 04562nam a2200445Ii 4500
001388525
003LARL_NWRL_CONSORTIUM
00520220328161107.0
008220328s2022 nyua b 001 0 eng
010 . ‡a 2021055729
040 . ‡aDLC ‡beng ‡erda ‡cJBL ‡dJBL
020 . ‡a9781982116750 ‡q(hardcover)
020 . ‡a1982116757 ‡q(hardcover)
020 . ‡a9781982116767 ‡q(paperback)
020 . ‡a1982116765 ‡q(paperback)
020 . ‡z9781982116774 ‡q(ebook)
035 . ‡a(OCoLC)1292925057 ‡z(OCoLC)1306079980
08200. ‡a973 ‡223/eng/20220120
084 . ‡aHIS029000 ‡aSOC002010 ‡2bisacsh
1001 . ‡aPuglionesi, Alicia, ‡eauthor.
24510. ‡aIn whose ruins : ‡bpower, possession, and the landscapes of American empire / ‡cAlicia Puglionesi.
250 . ‡aFirst Scribner hardcover edition.
264 1. ‡aNew York : ‡bScribner, ‡c2022.
300 . ‡aviii, 354 pages : ‡billustrations ; ‡c22 cm
336 . ‡atext ‡btxt ‡2rdacontent
337 . ‡aunmediated ‡bn ‡2rdamedia
338 . ‡avolume ‡bnc ‡2rdacarrier
504 . ‡aIncludes bibliographical references (pages 302-332) and index.
520 . ‡a"In this examination of landscape and memory, four sites of American history are revealed as places where historical truth was written over by oppressive fiction-with profound repercussions for politics past and present. Popular narratives of American history conceal as much as they reveal. They present a national identity based on harvesting the treasures that lay in wait for European colonization. In Whose Ruins tells another story: winding through the US landscape, from Native American earthworks in West Virginia to the Manhattan Project in New Mexico, this history is a tour of sites that were mined for an empire's power. Showing the hidden costs of ruthless economic growth, particularly to Indigenous people and ways of understanding, this book illuminates the myth-making intimately tied to place. From the ground up, the project of settlement, expansion, and extraction became entwined with the spiritual values of those who hoped to gain from it. Every nation tells some stories and suppresses others, and In Whose Ruins illustrates the way American myths have been inscribed on the earth itself, overwriting Indigenous histories and binding us into an unsustainable future. In these pages, historian Alicia Puglionesiilluminates the story of the Grave Creek Stone, "discovered" in an ancient Indigenous burial mound, and used to promote the theory that a lost white race predated Native people in North America-part of a wider effort to justify European conquest with alternative histories. When oil was discovered in the corner of western Pennsylvania soon known as Petrolia, prospectors framed that treasure, too, as a birthright passed to them, through Native guides, from a lost race. Puglionesi traces the fate of ancient petroglyphs that once adorned rock faces on the Susquehanna River, dynamited into pieces to make way for a hydroelectric dam. This act foreshadowed the flooding of Native lands around the country; over the course of the 20th century, almost every major river was dammed for economic purposes. And she explores the effects of the US nuclear program in the Southwest, which contaminated vast regions in the name of eternal wealth and security through atomic power. This promise rang hollow for the surrounding Native, Hispanic, and white communities that were harmed, and even for some scientists. It also inspired nationwide resistance, uniting diverse groups behind a different vision of the future-one not driven by greed and haunted by ruin. This deeply researched work of narrative history traces the roots of American fantasies and fears in a national tradition of selective forgetting. Connecting the power of myths with the extraction of power from the land itself reveals the truths that have been left out and is an invaluable torch in the search for a way forward"-- ‡cProvided by publisher.
651 0. ‡aUnited States ‡xHistoriography. ‡0(LARL_NWRL_CONSORTIUM)33359
650 0. ‡aHistoric sites ‡zUnited States. ‡0(LARL_NWRL_CONSORTIUM)163955
650 0. ‡aMemory ‡xSocial aspects ‡zUnited States.
650 0. ‡aMyth ‡xSocial aspects ‡zUnited States.
650 0. ‡aNational characteristics, American. ‡0(LARL_NWRL_CONSORTIUM)26523
650 7. ‡aHISTORY / North America ‡2bisacsh
650 7. ‡aSOCIAL SCIENCE / Anthropology / Cultural & Social ‡2bisacsh
77608. ‡iOnline version: ‡aPuglionesi, Alicia. ‡tIn whose ruins ‡bFirst Scribner hardcover edition. ‡dNew York : Scribner, 2022 ‡z9781982116774 ‡w(DLC) 2021055730
905 . ‡uvanderl
901 . ‡a388525 ‡b ‡c388525 ‡tbiblio ‡soclc

Additional Resources